Nghệ thuật bán hàng bằng câu chuyện = Sell with a story : how to capture attention, build trust and close the sale /
Na minha lista:
| Autor principal: | |
|---|---|
| Outros Autores: | |
| Formato: | Sách giấy |
| Idioma: | Vietnamese English |
| Publicado em: |
H. :
Hồng Đức,
2019.
|
| Assuntos: | |
| Tags: |
Adicionar Tag
Sem tags, seja o primeiro a adicionar uma tag!
|
| Thư viện lưu trữ: | Thư viện Trường Đại học Đà Lạt |
|---|
| LEADER | 01043nam a2200349 4500 | ||
|---|---|---|---|
| 001 | DLU210196029 | ||
| 005 | ##20210407 | ||
| 020 | # | # | |a 9786048985370 |
| 040 | # | # | |a DLU |b vie |
| 041 | # | # | |a vie |h eng |
| 044 | # | # | |a vn |
| 082 | # | # | |a 658.85 |b SM-P |
| 100 | # | # | |a Smith, Paul, |d 1967- |
| 245 | # | # | |a Nghệ thuật bán hàng bằng câu chuyện = |b Sell with a story : how to capture attention, build trust and close the sale / |c Paul Smith; Phúc Chi dịch. |
| 246 | # | # | |a Sell with a story : |b How to capture attention, build trust and close the sale |
| 260 | # | # | |a H. : |b Hồng Đức, |c 2019. |
| 300 | # | # | |a 486 tr. ; |c 21 cm. |
| 650 | # | # | |a Bán hàng. |
| 650 | # | # | |a Giao tiếp trong quản lý. |
| 650 | # | # | |a Quản lý bán hàng. |
| 700 | # | # | |a Phúc Chi, |e dịch. |
| 923 | # | # | |a 03/2020 |
| 991 | # | # | |a SH |
| 992 | # | # | |a 180000 |
| 994 | # | # | |a DLU |
| 900 | # | # | |a True |
| 911 | # | # | |a Nguyễn Thanh Hương |
| 925 | # | # | |a G |
| 926 | # | # | |a A |
| 927 | # | # | |a SH |
| 980 | # | # | |a Thư viện Trường Đại học Đà Lạt |


